| 000 | 01374nam a2200241Ia 4500 | ||
|---|---|---|---|
| 003 | Ost | ||
| 005 | 20260416102401.0 | ||
| 008 | 260416s9999||||xx |||||||||||||| ||und|| | ||
| 040 | _cfsecg | ||
| 041 | _aara | ||
| 082 | _a332.1 | ||
| 100 |
_aقادة، دليلة _eمؤلف |
||
| 245 | 0 |
_aالاقتصاد البنكي المعمق : _bمطبوعة مقدمة لطلبة السنة أولى ماستر في العلوم الاقتصادية : تخصص نقدي و بنكي / _c دليلة قادة |
|
| 260 |
_aالجزائر _bجامعة الجزائر3: كلية العلوم الإقتصادية، العلوم التجارية وعلوم التسيير _c2023 |
||
| 300 |
_a88 ورقة _bايضاحات _c12 سم |
||
| 504 | _aمراجع ص.79 | ||
| 520 | _aالصيرفة والبنوك الالكترونية، تحرير الخدمات المصرفية، الاندماج المصرفي ، إدارة المخاطر البنكية،مقررات بازل 1.2.3 ، حوكمة البنوك، التسويق البنكي، البنوك الإسلامية. | ||
| 653 | _aالبنوك | ||
| 653 | _aالبنوك الاسلامية | ||
| 653 | _aالبنوك الالكترونية | ||
| 710 |
_aجامعة الجزائر3: كلية العلوم الإقتصادية، العلوم التجارية وعلوم التسيير _eناشر علمي |
||
| 942 | _cHANDOUT | ||
| 999 |
_c41418 _d41418 |
||